=LDR 00000nam 2200000 4500 =001 INLIS000000000000707 =005 20130612085136 =008 ***********************************Ind** =035 ##$$0010-061300000000707 =041 ##$$a Ind =082 ##$$a 551.48 =090 ##$$a 551.48, Kod-p =100 ##$$a Kodoatie, Robert J =245 ##$$a Pengantar hidrologi, Robert J Kodoatie =260 ##$$a 1996 $b Yogyakarta =300 ##$$a xv, 266 hlm, ilus, 21 cm =650 ##$$a Hidrologi =850 ##$$a NBPNMAT =990 ##$$a 87028702 =990 ##$$a DW99002314 =990 ##$$a DW99002315 =990 ##$$a 01201708702